| 000 | 00476nam a22001697a 4500 | ||
|---|---|---|---|
| 005 | 20251108164012.0 | ||
| 008 | 250721s2001 xx 000 0 ara d | ||
| 082 | 1 | 4 | _a956.94405/زعب |
| 100 | 1 | _aالزعبي، خالد يوسف | |
| 245 | 1 | 0 | _aزايد ... و الأمة / |
| 264 | 1 |
_aعمان : _c2001. |
|
| 300 | _a252ص. | ||
| 650 | 1 | 7 | _aالأنظمة السياسية |
| 650 | 1 | 7 | _aالإمارات العربية المتحدة |
| 942 |
_2ddc _cBK |
||
| 999 |
_c1125 _d1125 |
||